Canadian provinces ranked by topographic prominence - Statistics

General Stats
  • This quiz has been taken 27 times
  • The average score is 7 of 13
Answer Stats
Prominence Answer % Correct
5247 m Yukon
94%
3951 m British Columbia
88%
2616 m Nunavut
82%
2082 m Alberta
76%
1663 m Northwest Territories
71%
1367 m Quebec
65%
1367 m Newfoundland and Labrador
47%
381 m Manitoba
29%
620 m New Brunswick
29%
394 m Ontario
29%
535 m Nova Scotia
24%
142 m Prince Edward Island
18%
340 m Saskachewan
6%
No matching quizzes found
Score Distribution
Percent of People with Each Score
Percentile by Number Answered
Your Score History
You have not taken this quiz